000 01406nam a2200241 4500
001 768714001
003 CO-MdFUSB
005 20240709101927.0
008 240709t1999 sz ||||| |||| 00| 0 eng d
040 _bspa
_cCO-MdFUSB
_dCO-MdFUSB
041 _aeng
100 _aVischer, Lukas
_eautor
245 _aJustification and sanctification by grace in a time of survival
_c/ Lukas Vischer
520 _aJustificación por gracia anticipa el reino futuro. Justificada sobre la base de la justicia de Cristo, la iglesia ora constantemente por la venida del reino de Dios. El testimonio señala una realidad más allá de la opresión, la destrucción y la decadencia, donde Dios será todo en todos y todas las naciones serán sanadas. En última instancia, la iglesia no tiene otra sabiduría que declarar su total dependencia de esta realidad. La justificación de nosotros, los pecadores, es la anticipación de ese mundo venidero cuando los propósitos de Dios se manifestarán en todas sus implicaciones.
546 _aTexto en inglés.
650 7 _aReino de Dios
_9219
650 0 _aSalvación
_948
650 0 _aFin del mundo
_91094
650 7 _aEscatología
_9213
773 0 _049396
_959524
_dGinebra
_oR1153
_tReformed World
_w(CO-MdFUSB)38
_x0034-3056
_gVolumen 49, (número 3, 1999) páginas: 109 - 124
_qpágina: 109
942 _cANA
945 _aCatherine Arias Álvarez - Practicante SENA
999 _c70459
_d70459